000 00571nam a2200193Ia 4500
005 20250507130206.0
008 008 250505s9999 xx 000 0 eng d
037 _aSeries Article
040 _aEASL
_beng
_cEASL
041 _aeng
_2eng
084 _qEASL
100 _aSchwiedrzik Susanne Weigelin
_9668732
245 0 _aMao Zedong and china in the twentieth - century , world
260 _aAustralia
_bCanberra Australian National University Australia
_c2012
300 _a184-187
650 _aChina
942 _cSRA
999 _c1318238
_d1318238